000 00337nam a22001457a 4500
020 _a81863070-7
082 _a616.0252
_bXAC/M
100 _aPENTAGON PRESS
245 _aMEDICAL & FIRST AID DICTIONARY
250 _aFIRST EDITION
260 _aDELHI
_bPENTAGON PRESS
_c2004
300 _a334
650 _aHEALTHCARE
_zINDIA
942 _cBK
999 _c1393
_d1393